Madame Tallien "Nuestra Señora de Termidor"

Αποθηκεύτηκε σε:
Λεπτομέρειες βιβλιογραφικής εγγραφής
Κύριος συγγραφέας: Bertut, Jules
Μορφή: Βιβλίο
Γλώσσα:Undetermined
Έκδοση: Santiago, Chile Ercilla 1956
Θέματα:
Ετικέτες: Προσθήκη ετικέτας
Δεν υπάρχουν, Καταχωρήστε ετικέτα πρώτοι!

MARC

LEADER 00000nam a2200000Ia 4500
008 170316s9999 xx 000 0 und d
040 |a cru BVZT 
090 |a 840 B-18m 
100 |a Bertut, Jules 
245 |a Madame Tallien "Nuestra Señora de Termidor" 
260 |a Santiago, Chile 
260 |b Ercilla 
260 |c 1956 
300 |a 254 páginas 
650 |a LITERATURA FRANCESA 
999 |c 7497  |d 7497 
942 |c 15 D  |h 840 B-18m  |2 z